000 00495nam a22001577a 4500
020 _qHard Cover.
082 _a621.3
100 _aMuhammad Waqas.
245 _aJoint Tracking and Classification of Aircrafts /
_cMuhammad Waqas
260 _aIslamabad :
_bCEME - NUST,
_c2015.
300 _ax, 41 p. : ill.
_c30cm.
650 _aElectrical Engineering-MS-Thesis.
_916073
700 _aDr. Muhammad Salman.
_929314
942 _2ddc
_cTHE
999 _c537878
_d537878